Biggest Cities in Europe by Letter - R - Statistics

General Stats
  • This quiz has been taken 119 times
  • The average score is 9 of 19
Answer Stats
Pop. Country Answer % Correct
3,30m Netherlands Rotterdam/The Hague
99%
614k Latvia Riga
98%
3,50m Italy Rome
97%
1,30m Russia Rostov-on-Don
75%
471k France Rouen
66%
364k France Rennes
62%
215k France Reims
53%
148k Italy Rimini
53%
157k Italy Ravenna
51%
338k United Kingdom Reading
48%
243k Germany Rostock
44%
241k Germany Regensburg
36%
173k Italy Reggio Calabria
28%
221k Poland Radom
25%
169k Italy Reggio Emilia
24%
196k Poland Rzeszów
22%
534k Russia Ryazan
17%
245k Ukraine Rivne
12%
182k Russia Rybinsk
6%
No matching quizzes found
Score Distribution
Percent of People with Each Score
Percentile by Number Answered
Your Score History
You have not taken this quiz